000 00328nam a2200133Ia 4500
008 240624s9999 xx 000 0 und d
041 _aeng
082 _a891.43 JOS
100 _aJOSHI RAJESH
245 _aNAGARJUNA RACHANA SANCHAYAN
260 _c2011
_aDelhi
_bSahitya Academy
300 _a328 : p. : cm. ; 22
365 _cRS
999 _c20924
_d20924